Missing Word: 11-Letter Movie Words III Quiz Stats

 Plays Quiz Updated Dec 20, 2015

Challenge
Share
Tweet
Embed
Score 0/18 Timer 03:00
0 Plays Today
Film 11-Letter Word % Correct
Sense and ___________Sensibility
95.7%
___________ Columbus: The DiscoveryChristopher
94.2%
How to Marry a ___________Millionaire
80%
The French ___________ WomanLieutenant's
66.6%
Tuck ___________Everlasting
65.1%
Lady ___________ LoverChatterley's
59.4%
Eve of ___________Destruction
52.5%
___________ KnocksOpportunity
40%
Ghosts of ___________ PastGirlfriends
39.1%
Film 11-Letter Word % Correct
The Incredible Burt ___________Wonderstone
34.9%
___________ MasalaMississippi
29%
Requiem for a ___________Heavyweight
27.8%
The Mortal ___________: City of BonesInstruments
24.3%
The ___________ KillersReplacement
12.9%
___________ Don't SingMockingbird
9.5%
___________ GuysKnockaround
7.8%
The ___________ NowSpectacular
6.9%
The __________ GhostCanterville
6.3%

Today's Daily Dose

You're not logged in!

Compare scores with friends on all Sporcle quizzes.
Join for Free
OR
Log In

You Might Also Like...

Show Comments

Extras

Top Quizzes Today


Score Distribution

Your Account Isn't Verified!

In order to create a playlist on Sporcle, you need to verify the email address you used during registration. Go to your Sporcle Settings to finish the process.

Report this User

Report this user for behavior that violates our Community Guidelines.

Details: